00643nam a2200181 a 450000500170000000800410001702000180005805000260007610000250010224500430012725000180017026000610018830000120024944000330026165000320029499900190032695201160034520140412111227.0020415s19uu xx 00 eng d a0-15-330021-3 aTR(GS 428.6bHBJ L. 4 aCullinan, Bernice E. aRibbons /cBernice E. Cullinan, et al. aTeacher's Ed. aOrlando :bHarcourt Brace Jovanovich, Publishers,c1989. aT494 p. aHBJ Reading Program, Level 4 aReading--Study and Teaching c102073d102073 001040aELbELcTRd2002-04-15eLib. Fundl0oTR(GS 428.6 HBJ L. 4pE0440r2014-04-12 00:00:00w2014-04-12yBK